| 000 | 00539nam a2200181 i 4500 | ||
|---|---|---|---|
| 001 | 145721 | ||
| 003 | ES-MaACL | ||
| 005 | 20250813110913.0 | ||
| 007 | t| | ||
| 008 | 071016s1945 ag ||||1| spa d | ||
| 100 | 1 |
_aVera, Francisco, _d1888-1967 _9113943 |
|
| 245 | 1 | 0 |
_aEvolución del pensamiento cientÃfico / _cFrancisco Vera. |
| 260 |
_aBuenos Aires : _bEdit. Sudamericana, _c[1945] |
||
| 300 |
_a307 p. ; _c21 cm. |
||
| 650 | 1 | 7 |
_aCiencia _2embne _910929 |
| 852 |
_aES-MaACL _jD-5596 _bR.27245 |
||
| 999 |
_c145721 _d145721 |
||